LEADER 01585nam 22004933a 450 001 9910842269803321 005 20250628110046.0 010 $a9783319265902 010 $a3319265903 024 8 $a10.1007/978-3-319-41285-6 035 $a(CKB)5670000000815139 035 $a(ScCtBLL)f0c89ee4-fc3e-4e79-a4f8-d277525dc951 035 $a(OCoLC)958254742 035 $a(ODN)ODN0010072909 035 $a(EXLCZ)995670000000815139 100 $a20250203i20162020 uu 101 0 $aeng 135 $auru|||||||||| 181 $ctxt$2rdacontent 182 $cc$2rdamedia 183 $acr$2rdacarrier 200 04$aThe Cellular Automaton Interpretation of Quantum Mechanics$fGerard T. Hooft 210 $d2016 210 1$aCham :$cSpringer Open,$d2016. 215 $a1 online resource (1 p.) 311 08$a9783319799759 311 08$a3319799754 311 08$a9783319265889 311 08$a3319265881 330 $aQuantum Physics; Mathematical Applications in the Physical Sciences; History and Philosophical Foundations of Physics 606 $aScience / Earth Sciences$2bisacsh 606 $aScience / Space Science / Astronomy$2bisacsh 606 $aScience 615 7$aScience / Earth Sciences 615 7$aScience / Space Science / Astronomy 615 0$aScience. 686 $aSCI011000$aSCI029000$aTEC003000$2bisacsh 700 $aHooft$b Gerard T$01786810 801 0$bScCtBLL 801 1$bScCtBLL 906 $aBOOK 912 $a9910842269803321 996 $aThe Cellular Automaton Interpretation of Quantum Mechanics$94318996 997 $aUNINA